000 00465pab a2200157 454500
008 180718b2007 xxu||||| |||| 00| 0 eng d
100 _aSmith, Thomas More
245 _aThe impact of government funding on private contributions to nonprofit performing arts organizations
260 _c2007
300 _ap.137-60.
362 _aMar
650 _aNonprofit organizations
773 _aAnnals of Public and Cooperative Economics
908 _aN
909 _a74811
999 _c74811
_d74811